تفسير سورة هود : القرآن في مواجهة المادية

Bibliographic Details
Format: Book
Published: al-Qahirah : Maktabah Wahbah , 1976
Subjects:

MARC

LEADER 00000cam a2200000 7i4500
001 0000005883
005 20220120093000.0
008 021119s1976
020 |a 9777236301 
090 0 0 |a BP128.38   |b .B3 
241 1 0 |a Tafsir Surat Hud : al-Quran fi muwajihah al-maddiyah 
245 1 0 |a تفسير سورة هود :   |b القرآن في مواجهة المادية   |c محمد البهي 
260 2 |a al-Qahirah :   |b Maktabah Wahbah ,   |c 1976 
300 |a 96 p. ;   |c 24 cm. 
630 0 0 |a Qur'an   |x Surat Hud   |x Criticism, interpretation, etc. 
999 |a 1000018390   |b Book   |c OPEN SHELF (30 DAYS)   |e Gong Badak Campus 
999 |a 1000018391   |b Book   |c OPEN SHELF (30 DAYS)   |e Gong Badak Campus 
999 |a 1000018392   |b Book   |c OPEN SHELF (30 DAYS)   |e Gong Badak Campus 
999 |a 1000018393   |b Book   |c OPEN SHELF (30 DAYS)   |e Gong Badak Campus 
999 |a 1000018394   |b Book   |c OPEN SHELF (30 DAYS)   |e Gong Badak Campus